|
|
|
|
| LEADER |
00000cam a2200000 a 4500 |
| 001 |
vtls008366138 |
| 003 |
SK-MaSNL |
| 005 |
20260301144210.0 |
| 008 |
020505s1921 xr a frnp 001 mcslo |
| 015 |
|
|
|a SNBA19191938-001197
|
| 020 |
|
|
|q (viazané)
|
| 035 |
|
|
|a SK01SNKBSKHR20020058355
|
| 035 |
|
|
|a SKM000060818
|
| 040 |
|
|
|a SNK
|b slo
|c SNK
|e AACR2
|
| 041 |
0 |
|
|a slo
|
| 044 |
|
|
|a xr
|c CZ
|
| 072 |
|
7 |
|a 82.0
|x Literatúra (teória)
|2 konspekt
|
| 072 |
|
7 |
|a 37.016
|x Učebné osnovy. Vyučovacie predmety. Učebnice
|2 konspekt
|
| 072 |
|
7 |
|a 821.162.4.09
|x Slovenská literatúra (o nej)
|2 konspekt
|
| 080 |
|
|
|a 82.0
|2 2011
|
| 080 |
|
|
|a (075)
|2 2011
|
| 080 |
|
|
|a 821.162.4
|2 2011
|
| 080 |
|
|
|a 821.162.4-3
|2 2011
|
| 080 |
|
|
|a 821.162.4-1
|2 2011
|
| 100 |
1 |
|
|a Bujnák, Pavel,
|d 1882-1933
|4 aut
|9 217388
|
| 245 |
1 |
0 |
|a Slovenská poetika
|c slovenským školám napísali P. Bujnák a J. Menšík
|
| 260 |
|
|
|a V Prahe
|b Štátne nakladateľstvo
|c 1921
|
| 300 |
|
|
|a 240 strán
|b ilustrácie
|c 22 cm
|
| 500 |
|
|
|a Zoznam spisovateľov československých na strane [165]-202. Zoznam hlavných spisovateľov cudzích na strane [203]-234. Obsahuje biografické údaje o spisovateľoch
|
| 500 |
|
|
|a Obsahuje 3 kapitoly
|
| 504 |
|
|
|a Vecný register na strane [235]-238
|
| 650 |
0 |
7 |
|a slovenská literatúra
|2 SNKPH
|9 1115
|
| 650 |
0 |
7 |
|a slovenská poézia
|2 SNKPH
|9 215422
|
| 650 |
0 |
7 |
|a slovenská próza
|2 SNKPH
|9 1206
|
| 650 |
0 |
7 |
|a textová analýza
|2 SNKPH
|9 4010
|
| 650 |
0 |
7 |
|a teória literatúry
|2 SNKPH
|9 1238
|
| 650 |
0 |
7 |
|a literárna veda
|2 SNKPH
|9 1137
|
| 655 |
|
7 |
|a učebnice
|2 SNKPH
|9 22521
|
| 700 |
1 |
|
|a Menšík, Jan,
|d 1885-1949
|4 aut
|9 109227
|
| 740 |
0 |
2 |
|a Prostriedky umenia básnického
|
| 740 |
0 |
2 |
|a Básnické druhy
|
| 740 |
0 |
2 |
|a Próza
|
| 752 |
|
|
|a Česko
|d Praha
|
| 852 |
|
|
|a Slovenská národná knižnica
|
| 954 |
|
|
|a odborná, vedecká literatúra pôvodná (slovenská)
|2 lita
|
| 954 |
|
|
|a odborná, vedecká literatúra cudzojazyčná (svetová)
|2 lita
|
| 958 |
|
|
|a RK
|
| 958 |
|
|
|a TL
|
| 958 |
|
|
|a UC
|
| 958 |
|
|
|a ONDV
|
| 958 |
|
|
|a NB
|
| 958 |
|
|
|a LX
|
| 999 |
|
|
|c 776325
|d 778255
|
| 952 |
|
|
|a SNK
|b SNK
|y VYP
|7 0
|p 17A0749020
|o snkSC 293 D3
|i snkK 2920/66
|8 3
|3 Popísaná
|0 0
|1 0
|4 0
|d 2011-11-30
|l 0
|r 2026-02-24 00:50:03
|w 2026-02-24
|
| 952 |
|
|
|a SNK
|b SNK
|y PREZ
|7 0
|p 17A0714524
|o snkSC 293
|i snk226/28
|0 0
|1 0
|4 0
|d 2011-11-30
|f 1
|l 0
|r 2025-05-27 00:00:00
|w 2026-02-24
|
| 952 |
|
|
|a SNK
|b SNK
|y VYP
|7 0
|p 17A0059322
|o snkSC 293 D1
|i snk1135/36
|0 0
|1 0
|4 0
|d 2011-11-30
|l 0
|r 2026-02-24 00:50:03
|w 2026-02-24
|
| 952 |
|
|
|a SNK
|b SNK
|y VYP
|7 0
|p 17A0059076
|o snkSC 293 D2
|i snkVIII. 2723/54
|8 3
|0 0
|1 0
|4 0
|d 2011-11-30
|l 0
|r 2026-02-24 00:50:03
|w 2026-02-24
|